| 000 | 01252cam a2200301 a 4500 | ||
|---|---|---|---|
| 001 | 4923718 | ||
| 003 | GBCCL | ||
| 005 | 20241126110330.0 | ||
| 008 | 950213s1995 txu b 001 0 eng | ||
| 010 | _a 95006452 | ||
| 020 | _a0849910927 | ||
| 040 |
_aDLC _cDLC _dDLC |
||
| 050 | 0 | 0 |
_aBV4011 _b.M34 1995 |
| 082 | 0 | 0 |
_a253 _220 _bMAC |
| 100 | 1 |
_aMacArthur, John, _d1939- _91165 |
|
| 245 | 1 | 0 |
_aRediscovering pastoral ministry : _bshaping contemporary ministry with biblical mandates / _cJohn MacArthur, Jr. and the Master's Seminary faculty ; John MacArthur, Jr., editor, Richard L. Mayhue, associate editor, Robert L. Thomas, associate editor. |
| 260 |
_aDallas : _bWord Pub., _cc1995. |
||
| 300 |
_axvii, 439 p. ; _c25 cm. |
||
| 504 | _aIncludes bibliographical references and indexes. | ||
| 650 | 0 |
_aPastoral theology. _9414 |
|
| 650 | 0 |
_aClergy _xOffice. _9299 |
|
| 700 | 1 |
_aMayhue, Richard. _94658 |
|
| 700 | 1 |
_aThomas, Robert L., _d1928- _94659 |
|
| 856 | 4 | 2 |
_3Publisher description _uhttp://www.loc.gov/catdir/enhancements/fy0609/95006452-d.html |
| 906 |
_a7 _bcbc _corignew _d1 _eocip _f19 _gy-gencatlg |
||
| 942 |
_2ddc _cBK _058 |
||
| 999 |
_c105 _d105 |
||